00428nam a2200121Ia 45000010005000000080041000050820025000461000066000712450108001372600020002459010026002659990015002913223241024s9999 xx 000 0 und d aRD/624.7/R426r/07-07 aRepública Dominicana. Secretaría de Estado de Educación 0aReoaración y acondicionamiento de la "Escuela Paso de Moca" Distrito Educativo 06-06, Moca. Espaillat bEspaillatc2010 a5/9/2013 2:55:07 p.m. c8028d8028